000 01407cam a22003973a 4500
001 13292605
003 OSt
005 20140408085144.0
008 930427s1993 nyu j 000 1 eng d
010 _a 2003586077
020 _a078590466172
_c$2.95 ($3.95 Can.)
035 _a(OCoLC)ocm27989871
040 _aTFP
_cTFP
_dOHI
_dOCL
_dOCLCQ
_dDLC
042 _alccopycat
050 0 0 _aPZ 7
_b.St859Nld 2008
082 _aKF#
_bGOO #7
100 1 _aStine, R. L.
_93762
245 1 0 _aNight of the living dummy /
_cR.L. Stine.
260 _aNew York :
_bScholastic,
_c2008
300 _a134 p. ;
_c20 cm.
490 1 _aGoosebumps ;
_v#7
500 _a"An Apple paperback."
520 _aLindy finds a ventriloquist's dummy and has fun learning to make him move and talk. Kris is jealous, and decides to get a dummy of her own. Then nasty evil things begin to happen. No way can a dummy be causing all the tro le. Or is there?
521 _aG3
526 _c590
562 _e1
650 0 _aPuppets
_vJuvenile fiction.
_96618
655 7 _aHorror fiction.
_2gsafd
_93405
655 7 _aFantasy fiction.
_2gsafd
_93053
710 2 _aCopyright Paperback Collection (Library of Congress)
_5DLC
_9705
800 1 _aStine, R. L.
_tGoosebumps ;
_v#7.
_96619
906 _a7
_bcbc
_ccopycat
_d2
_encip
_f20
_gy-genrareb
942 _2lcc
_cBK
999 _c33752
_d33752